000 01360nam a2200325 a 4500
001 45640
003 BD-RjUL
005 20211209054040.0
008 160727s1953 enka b 001 0 eng d
035 _a(BD-RjUL)45758
040 _aBD-RjUL
_beng
_cBD-RjUL
_dBD-RjUL
041 _aeng
082 _223
_a333.0955
_bLAL 1953
100 1 _aLambton, Ann K. S.,
_d1912-2008
_9139707
245 1 0 _aLandlord and peasant in Persia :
_ba study of land tenure and land revenue administration /
_cAnn K.S. Lambton
260 _aLondon :
_bOxford University Press,
_c1953
300 _axxxi, 459 p :
_bill. ;
_c23 cm
500 _a"First published in 1953 by Oxford University Press under the auspices of the Royal Institute of International Affairs; reprinted in a revised edition in 1969"--T.p. verso
500 _aMaps on lining papers
504 _aIncludes bibliography (p. [411]-437) and index
650 0 _aFarm tenancy (Islamic law)
_9139708
650 0 _aFarm tenancy
_zIran
_9139709
650 0 _aLand tenure (Islamic law)
_zIran
_9139710
650 0 _aLand tenure
_xLaw and legislation
_zIran
_9139711
650 0 _aLandlord and tenant (Islamic law)
_zIran
_9139712
650 0 _aLandlord and tenant
_zIran
_9139713
650 0 _aReal property tax (Islamic law)
_9139714
650 0 _aReal property tax
_xLaw and legislation
_zIran
_9139715
942 _2ddc
_cBK
999 _c45640
_d45640